000 00636nam a22002055i 4500
001 169666
003 ES-MaACL
005 20250607063029.0
008 081030s1937 sp |||| | spa d
080 _a821.134.2-32"19"
100 1 _aMontseny, Federica,
_d1905-1994
_9240807
245 1 0 _aTres vidas de mujer :
_bUna vida ; Sinfonía apasionada ; Ana María /
_cFederica Montseny.
246 3 _aSinfonía apasionada
246 3 _aAna María
260 _aBarcelona :
_b[s.n.],
_c1937 (
_fUnió Gràfica)
300 _a296 p. ;
_c19 cm.
740 4 2 _aUna vida.
852 4 _aES-MaACL
_jG-9237
999 _c169666
_d169666